000 00205nam a22000857a 4500
008 161122b xxu||||| |||| 00| 0 eng d
100 _91316
_aPyle.C.
245 _aIndoor and Outdoor Games-6
260 _aUSA
_c2011
999 _c4029
_d4029